LEADER 00956nam a2200229 i 4500 001 000000170211 003 CaOOAMICUS 005 20080314000000.0 008 080314s1990 it u000 u ita u 013 $a147619 040 $aSeMil$bita 100 1 $aColombo, Riccardo.$0(OLS)http://semarc/name/63717 245 10$aItinerari artistici della Brianza :$bparte prima /$cRiccardo Colombo. 260 $aMonza :$b[s.n.],$c1990$e(Monza :$fTip. sociale,$g1990) 300 $a120 p. :$briccamente ill. ;$c24 cm. 500 $aA pič del front. : Supplemento a "Il cittadino". 650 4$aBrianza - Descrizioni e viaggi.$0(OLS)http://semarc/subject/20257 850 $aSeMil 852 $aSeMil$W1$xVenegono$y1$m4Y IV 177$j121107$B121107$CSeMilBibl$Z2$F132441 $81 961 $aOmaggio: Altro 996 $6245$aItinerari artistici della Brianza :$bparte prima$9(OLS)http://semarc/title/243435 996 $6260$aMonza :$b[s.n.]$9(OLS)http://semarc/publisher/42561 LEADER 01071nam a2200241 i 4500 001 000000203085 003 CaOOAMICUS 005 20240725111638.0 008 110616s1972 it u000 u ita u 013 $a181797 040 $aSeMil$bita 245 10$aCostituzione della repubblica romana, 1849. 260 $aForlė :$bTipografia Valbonesi,$cstampa 1972. 300 $a15 p. ;$c21 cm. 500 $aA pič del front. : Pubblicato a cura delle sezioni di Forlė e Ravenna della ŦAssociazione Mazzinizna Italianaŧ nel 1° centenario della morte di Giuseppe Mazzini. 650 4$aRepubblica romana <1849>.$0(OLS)http://semarc/subject/45308 650 4$aRisorgimento italiano.$0(OLS)http://semarc/subject/4116 850 $aSeMil 852 $aSeMil$W1$xVenegono$y1$m5D X 17/15$j153581$B153581$CSeMilBibl$Z2$F164497 $81 961 $aOmaggio: Altro 996 $6245$aCostituzione della repubblica romana, 1849$9(OLS)http://semarc/title/293994 996 $6260$aForlė :$bTipografia Valbonesi$9(OLS)http://semarc/publisher/51810